Polyfunkčný objekt Krásna Hôrka Bratislava
Gespeichert in:
| 1. Verfasser: | |
|---|---|
| Weitere Verfasser: | |
| Format: | Manuskript Buch |
| Sprache: | Slowakisch |
| Veröffentlicht: |
2017
|
| Schlagworte: | |
| Online-Zugang: | http://is.stuba.sk/zp/portal_zp.pl?podrobnosti=125148 https://opac.crzp.sk/?fn=detailBiblioForm&sid=D79A57A76A32382FF3B1A45572E0 |
| Tags: |
Keine Tags, Fügen Sie das erste Tag hinzu!
|
MARC
| LEADER | 00000ntm a22000003a 4500 | ||
|---|---|---|---|
| 001 | stuzp63979 | ||
| 003 | SK-STU | ||
| 005 | 20230721111155.3 | ||
| 007 | ta | ||
| 008 | 150427s2015----xo-----f-mn---000-0-slo-d | ||
| 040 | |a STU |b slo | ||
| 041 | 0 | |a slo | |
| 100 | 1 | |a Baláž, Attila |u 010270 |4 aut |U SvF Stavebná fakulta |T SvF Katedra technológie stavieb |X 74303 |U V270 |Y 28 |7 74303 | |
| 242 | 0 | 1 | |a Polyfunctional building Krásna Hôrka Bratislava |y eng |
| 245 | 1 | 0 | |a Polyfunkčný objekt Krásna Hôrka Bratislava |
| 260 | |c 2017 | ||
| 650 | 4 | |a údržba |2 slo | |
| 650 | 4 | |a HSV |2 slo | |
| 650 | 4 | |a PSV |2 slo | |
| 650 | 4 | |a Facility |2 eng | |
| 650 | 4 | |a HSV |2 eng | |
| 650 | 4 | |a PSV |2 eng | |
| 700 | 1 | |a Somorová, Viera |u 010270 |k Z1 |4 ths |U SvF Stavebná fakulta |T SvF Katedra technológie stavieb |X 672 |U V270 |Y 28 |7 A000000672 | |
| 856 | 4 | |u http://is.stuba.sk/zp/portal_zp.pl?podrobnosti=125148 | |
| 856 | 4 | |u https://opac.crzp.sk/?fn=detailBiblioForm&sid=D79A57A76A32382FF3B1A45572E0 | |